| 000 | 00498 a2200205 4500 | ||
|---|---|---|---|
| 005 | 20260317090657.0 | ||
| 008 | 260316b |||||||| |||| 00| 0 eng d | ||
| 020 |
_a9789363636248 _cRs. 1095.00 |
||
| 040 | _aMAIN | ||
| 082 |
_a579 _bA32P(7) |
||
| 100 | _aAneja, K R | ||
| 245 | _aPelczar’s a textbook of microbiology | ||
| 250 | _a7th | ||
| 260 |
_bMedtech _aNew Delhi _c2026 |
||
| 300 | _axi, 924 | ||
| 650 | _aMicrobiology | ||
| 650 | _aMicrobial | ||
| 650 | _aGenetics | ||
| 942 | _cBK | ||
| 999 |
_c395804 _d395804 |
||